| 000 | 00787nam a2200265 4500 | ||
|---|---|---|---|
| 001 | 4107079 | ||
| 003 | NUST - PNEC | ||
| 005 | 20170116181117.0 | ||
| 008 | 700925s1970 ilua 001 0 eng | ||
| 010 | _a 75014823 | ||
| 020 | _a087002017X | ||
| 040 |
_aDLC _cLIBRARY _dDLC |
||
| 050 | 0 | 0 |
_aTT205 _b.F395 1970 |
| 082 | 0 | 0 | _a671FEI |
| 100 | 1 | _aFeirer, John Louis. | |
| 245 | 1 | 0 |
_aMetalwork _c[by] John L. Feirer [and] John R. Lindbeck. |
| 250 | _a[2d ed.] | ||
| 260 |
_aPeoria, Ill., _bC. A. Bennett Co. _c[1970] |
||
| 300 |
_a248 p. _billus. _c24 cm. |
||
| 500 | _a1965 ed. published under title: I.A. metalwork. | ||
| 650 | 0 |
_aMetal-work. _xME |
|
| 700 | 1 |
_aLindbeck, John Robert, _ejoint author. |
|
| 906 |
_a7 _bcbc _corignew _d4 _encip _f19 _gy-gencatlg |
||
| 942 |
_2ddc _cBK |
||
| 999 |
_c69381 _d69381 |
||